Saket industrial digest (Record no. 6989)
[ view plain ]
| 000 -LEADER | |
|---|---|
| fixed length control field | 00283nam a22000977a 4500 |
| 008 - FIXED-LENGTH DATA ELEMENTS--GENERAL INFORMATION | |
| fixed length control field | 230309b |||||||| |||| 00| 0 eng d |
| 040 ## - CATALOGING SOURCE | |
| Original cataloging agency | National Science Library |
| Transcribing agency | National Science Library |
| 245 ## - TITLE STATEMENT | |
| Title | Saket industrial digest |
| 260 ## - PUBLICATION, DISTRIBUTION, ETC. | |
| Place of publication, distribution, etc. | Ahmedabad: |
| Name of publisher, distributor, etc. | Suhasini Vyas, |
| Date of publication, distribution, etc. | 1998 |
| 942 ## - ADDED ENTRY ELEMENTS (KOHA) | |
| Koha item type | Continuing Resources |
| Withdrawn status | Lost status | Materials specified (bound volume or other part) | Damaged status | Not for loan | Home library | Current library | Shelving location | Date acquired | Total Checkouts | Barcode | Date last seen | Price effective from | Koha item type |
|---|---|---|---|---|---|---|---|---|---|---|---|---|---|
| Vol. 4 (4-6), 1998 | National Science Library | National Science Library | FF/Rk-21/C-7/R-3 | 15/05/2001 | 148842 | 09/03/2023 | 09/03/2023 | Continuing Resources | |||||
| Vol. 4-5 (1-4), 1998-99 | National Science Library | National Science Library | FF/Rk-21/C-7/R-3 | 15/05/2001 | 148843 | 09/03/2023 | 09/03/2023 | Continuing Resources | |||||
| Vol. 6 (7-11), 2000 | National Science Library | National Science Library | FF/Rk-21/C-7/R-3 | 28/02/2014 | 247352 | 09/03/2023 | 09/03/2023 | Continuing Resources | |||||
| Vol. 10 (1-6), 2004 | National Science Library | National Science Library | FF/Rk-21/C-7/R-3 | 28/02/2014 | 247359 | 09/03/2023 | 09/03/2023 | Continuing Resources | |||||
| Vol. 7 (1-6), 2001 | National Science Library | National Science Library | FF/Rk-21/C-7/R-3 | 28/02/2014 | 247353 | 09/03/2023 | 09/03/2023 | Continuing Resources | |||||
| Vol. 8 (8,10-12), 2002 | National Science Library | National Science Library | FF/Rk-21/C-7/R-3 | 28/02/2014 | 247356 | 09/03/2023 | 09/03/2023 | Continuing Resources | |||||
| Vol. 8 (1,3-6), 2002 | National Science Library | National Science Library | FF/Rk-21/C-7/R-3 | 28/02/2014 | 247355 | 09/03/2023 | 09/03/2023 | Continuing Resources | |||||
| Vol. 9 (6,9-12), 2003 | National Science Library | National Science Library | FF/Rk-21/C-7/R-3 | 28/02/2014 | 247358 | 09/03/2023 | 09/03/2023 | Continuing Resources | |||||
| Vol. 9 (1-6), 2003 | National Science Library | National Science Library | FF/Rk-21/C-7/R-3 | 28/02/2014 | 247357 | 09/03/2023 | 09/03/2023 | Continuing Resources | |||||
| Vol. 7 (7-8,11), 2001 | National Science Library | National Science Library | FF/Rk-21/C-7/R-3 | 28/02/2014 | 247354 | 09/03/2023 | 09/03/2023 | Continuing Resources | |||||
| Vol. 6 (1-6), 2000 | National Science Library | National Science Library | FF/Rk-21/C-7/R-3 | 28/02/2014 | 247351 | 09/03/2023 | 09/03/2023 | Continuing Resources | |||||
| Vol. 5 (1-12), 1999 | National Science Library | National Science Library | FF/Rk-21/C-7/R-3 | 15/05/2001 | 148841 | 09/03/2023 | 09/03/2023 | Continuing Resources |